000 00861nam a22002897a 4500
001 0000909
003 KOHA_MİRAKIL
005 20260207001223.0
007 ta
008 081212b1993 tu |||gr||||#0|||1|tur |
020 _a975486281x
_cYTL21,69
040 _aTR-BiSEU
_btur
_cTR-BiSEU
_erda
041 0 _atur
044 _ctu
050 _aPE1130
_b.Y37 1993
100 1 _aYarmalı, Sabri.
245 0 _aİngilizce çeviri tekniği :
_bçözümleme/
_cSabri Yarmalı.
264 1 _aİstanbul :
_bBeta
_c1993
300 _a480 sayfa
336 _ametin
_btxt
_2rdacontent
337 _aaracısız
_bn
_2rdamedia
338 _acilt
_bnc
_2rdacarrier
650 0 _aIngiliz dili--Ders kitaplari, yabanci konuşmacilar için--Türkçe.
_93492
650 0 _aIngiliz dili--Dilbilgisi, karşilaştirmali--Türkçe.
_93493
907 _aDil
942 _2lcc
_cBK
999 _c904
_d904